Biblioteca ESET

Hablemos de bullying : | violencia entre pares (Registro nro. 976)

Detalles MARC
000 -CABECERA
fixed length control field 01445aam a2200337 a 4500
001 - NUMERO DE CONTROL
control field 001563831
003 - CONTROL NUMBER IDENTIFIER
control field AR-BeUNQ
005 - FECHA Y HORA DE LA ULTIMA TRANSACCION
control field 20231004204122.0
007 - CAMPO FIJO DE DESCRIPCION FIJA - INFORMACION GENERAL
fixed length control field cr cn ||||||||
008 - ELEMENTOS DE LONGITUD FIJA-INFORMACION GENERAL
fixed length control field 230728s2022 ag a gsf f001 0 spa
015 ## - NATIONAL BIBLIOGRAPHY NUMBER
National bibliography number AR-2021
020 ## - NUMERO INTERNACIONAL NORMALIZADO PARA LIBROS
Número Internacional Normalizado del libro 9789500016339
040 ## - FUENTE DE CATALOGACION
Agencia de catalogación original AR-BeUNQ
Idioma de catalogación ESPAÑOL
Convenciones de la descripción aacr
043 ## - GEOGRAPHIC AREA CODE
Geographic area code s-ag---
044 ## - COUNTRY OF PUBLISHING/PRODUCING ENTITY CODE
MARC country code ag
ISO country code ar-c
082 ## - NUMERO DE CLASIFICACION DECIMAL DEWEYMBER
Número de clasificación 371.78
Número de la edición 21
245 00 - MENCION DE TITULO
Título Hablemos de bullying :
Otra información sobre el título violencia entre pares
250 ## - MENCION DE EDICION
Mención de edición 1a ed.
260 ## - PUBLICACION, DISTRIBUCION, ETC.
Lugar de publicación, distribución, etc. Buenos Aires :
Nombre del editor, distribuidor, etc. Ministerio de Educación,
Fecha de publicación, distribución, etc 2022.
300 ## - DESCRIPCION FISICA
Extensión 62 p. :
Otros detalles físicos il. ;
Dimensiones 29 cm.
505 2# - NOTA DE CONTENIDO
Nota de contenido con formato preestablecido A las familias, escuelas y comunidades -- Por una sociedad más empática -- Hablemos de bullying -- Pensar en la convivencia en la escuela -- Acompañar en familia y comunidad -- La escuela frente a una situación de bullying y de otras formas de violencia entre pares -- La construcción de una cultura del cuidado en común -- Tiempos de Pandemia.
530 ## - NOTA DE FORMATO FISICO ADICIONAL DISPONIBLE
Nota de formato físico adicional disponible También disponible en formato digital.
650 #7 - ASIENTO SECUNDARIO DE MATERIA - TERMINO TEMATICO
Término temático o nombre geográfico como elemento de entrada Violencia
Fuente del encabezamiento o términ toit
650 #7 - ASIENTO SECUNDARIO DE MATERIA - TERMINO TEMATICO
Término temático o nombre geográfico como elemento de entrada Grupos de edad
Fuente del encabezamiento o términ spines
653 ## - TERMINO DE INDIZACION - NO CONTROLADO
Término de indización no controlado Educación sexual integral
653 ## - TERMINO DE INDIZACION - NO CONTROLADO
Término de indización no controlado Bullying
710 1# - ASIENTO SECUNDARIO - NOMBRE CORPORATIVO
Nombre corporativo o de jurisdicción como elemento de entradantry element Argentina.
Unidad subordinada Ministerio de Educación
Relator term entidad responsable
Relationship isb
856 ## - LOCALIZACION Y ACCESO ELECTRONICOS
Public note Obra completa en PDF
Identificador Uniforme del Recurso <a href="https://www.educ.ar/recursos/158386/hablemos-de-bullying-violencia-entre-pares">https://www.educ.ar/recursos/158386/hablemos-de-bullying-violencia-entre-pares</a>
929 ## - DATOS DE ADQUISICION
Procedencia DONACION
Proveedor Ministerio de Educación de la Nación
Precio 200,00
Fecha de recibido 20230629
Patrimonio UNQ PAT0080196
Es copia 1
Número de inventario 61383
942 ## - ELEMENTOS DE PUNTO DE ACCESO ADICIONAL (KOHA)
Tipo de ítem Koha Libros
Suppress in OPAC 0
Existencias
Estado de retiro Estado de pérdida Ubicación permanente Ubicación actual Ubicación en estantería Fecha de ingreso Total Checkouts Signatura topográfica completa Inventario Date last seen Número de copia Tipo de ítem Koha Operador
    Biblioteca ESET - UNQ Biblioteca ESET - UNQ SALA 28/07/2023   371.78 HAB 61383 28/07/2023 1 Libros GS

ESET UNQ

☏ 4365-7188
 Avenida República de Francia 1714 entre Doctor Kenny y Concordia, Ezpeleta, Bs As.
✉ secretaria_eset@unq.edu.ar

Con tecnología Koha